01549nam a2200361 a 4500001001000000003000500010005001700015008004100032010001100073011001100084040000900095090001000104100004100114245023500155260004100390500006000431502011200491590004100603590004000644590004000684590004000724650005500764650003700819650003200856650003500888700003800923856007000961901000701031942001001038942000601048999001901054952011401073000115995CHAP20220329144556.0190827s2019 mx a sm |||||||spa d a112456 a113428 cCHAP aTesis1 aVillegas Avendaño, Nayeli.913671510aEstrategia de comercialización de vainilla mexicana (Vanilla planifolia Jacks. ex Andrews) en el mercado internacional para organizaciones de productores /h[En línea]cpor Nayeli Villegas Avendaño y Benjamin Torres Espejel. aChapingo, Méx. :bEl autor,c2019. aPara ver el contenido del material haga clic en la liga aTesis (Ing. Agr. Esp. en Economía Agrícola) -- UACH. División de Ciencias Económico Administrativas aBATCH-UPDb05c20190827lUCH01h1521 aE8697GMMb05c20190827lUCH01h0957 aE8697GMMb05c20190827lUCH01h0959 aE8697GMMb05c20190827lUCH01h152014aVainillaxAspectos económicosxMéxico.911719414aVainillaxExportación.911720014aVainillaxMercadeo.911720514aVainillaxRendimiento.91172091 aTorres Espejel, Benjamin.9136716 aFinding aiduhttp://10.13.5.2/tesis/sist115995.pdfzTeclea aquí aBK cTESIS n0 c112456d112456 00102local40718TESISaBCbBCd2019-08-27fTESISl0oTesisp116006-10r2019-12-31 00:00:00w2019-08-27yCD